<?xml version="1.0" encoding="UTF-8"?>
<collection xmlns="http://www.loc.gov/MARC21/slim">
  <record>
    <leader>00000nam  2200000   4500</leader>
    <controlfield tag="001">INLIS000000000016691</controlfield>
    <controlfield tag="005">20240110110105</controlfield>
    <datafield tag="035" ind1="#" ind2="#">
      <subfield code="a">0010-0124000008</subfield>
    </datafield>
    <controlfield tag="007">ta</controlfield>
    <controlfield tag="008">240110################|##########|#|##</controlfield>
    <datafield tag="084" ind1="#" ind2="#">
      <subfield code="a">R 27 PIM III 2022</subfield>
    </datafield>
    <datafield tag="100" ind1=" " ind2="#">
      <subfield code="a">Muhammad Haris Perdana</subfield>
    </datafield>
    <datafield tag="245" ind1="1" ind2="#">
      <subfield code="a">Peningkatan Layanan Administrasi Tata Persuratan dan Tata Pelaporan Kepada Presiden RI /</subfield>
      <subfield code="c">Muhammad Haris Perdana</subfield>
    </datafield>
    <datafield tag="250" ind1="#" ind2="#">
      <subfield code="a">1</subfield>
    </datafield>
    <datafield tag="260" ind1="#" ind2="#">
      <subfield code="a">Jakarta :</subfield>
      <subfield code="b">Pusbangkom Pimnas dan Manajerial ASN,</subfield>
      <subfield code="c">2022</subfield>
    </datafield>
    <datafield tag="300" ind1="#" ind2="#">
      <subfield code="a">100 halaman ;</subfield>
      <subfield code="c">30 cm</subfield>
    </datafield>
    <datafield tag="650" ind1="#" ind2="4">
      <subfield code="a">Persuratan</subfield>
    </datafield>
    <datafield tag="520" ind1="#" ind2="#">
      <subfield code="a">Persuratan yang masuk ke Sekretaris Pribadi (Sespri) Presiden RI berasal dari 3 sumber yaitu Sekretariat Negara, Sekretariat Kabinet dan Sekretariat Presiden. Sampai saat ini Sespri Presiden RI belum memiliki SOP yang mengatur secara komprehensif terkait mekanisme penanganan persuratan yang masuk. Belum adanya standar kapan maksimal waktu sebuat Kementerian/Lembaga boleh mengirimkan surat yang deadlinenya terbatas. Tantangan lainnya adalah surat-surat yang masuk baik dari Kementerian/Lembaga, organisasi maupun pihak swasta dan masyarakat masih banyak yang belum memenuhi keseluruhan komponen yang dibutuhkan untuk mengajukan sebuah surat acara. Pembuatan rancangan aksi perubahan ini diharapkan akan memaksimalkan Tugas Sekretaris Pribadi Presiden untuk melayani agenda-agenda Presiden RI dan Ibu Negara.</subfield>
    </datafield>
    <datafield tag="856" ind1="#" ind2="#">
      <subfield code="a">Perpustakaan LAN Pusat</subfield>
    </datafield>
    <datafield tag="990" ind1="#" ind2="#">
      <subfield code="a">27</subfield>
    </datafield>
  </record>
</collection>
